000 00846nam a2200205 i 4500
001 185610
003 ES-MaACL
005 20251110063234.0
008 160728s1919 sp |||| | spa d
100 1 _aCabrera, Blas,
_d1878-1945
_933279
245 1 3 _aEl estado actual de la teoría del magnetismo /
_cpor B. Cabrera.
260 _aMadrid :
_bJunta para Ampliación de Estudios e Investigaciones Científicas. Instituto Nacional de Ciencias,
_c1919.
300 _a160 p. ;
_c22 cm.
490 1 _aTrabajos del Laboratorio de Investigaciones Físicas. Memorias de información ;
_v1
650 4 _aMagnetismo.
_914735
710 2 _aInstituto Nacional de Ciencias Físico-Naturales.
_95145
830 1 0 _aTrabajos del Laboratorio de Investigaciones Físicas
_v1
_9192351
852 4 _aES-MaACL
_jB-13198(1)
999 _c185610
_d185610